| 000 | 00526nam a2200181Ia 4500 | ||
|---|---|---|---|
| 003 | GCL | ||
| 008 | 140319s9999 xx 000 0 ara d | ||
| 040 |
_aGCL / _cGCL |
||
| 082 | 0 | 4 |
_aم _b413.4 _bد ت |
| 100 | 1 | _aدوزى، رينهرت | |
| 245 | 1 | 0 |
_aتكمل المعاجم العربية : DICTIONARIES ARABES / _cدوزى، رينهرت |
| 300 | _a2 جزء | ||
| 490 |
_aماذا اعرف _v0 |
||
| 650 | 0 | 4 | _aاللغة العربية |
| 650 | 0 | 4 | _aالمعاجم |
| 650 | 0 | 4 | _aعربى\فرنسى |
| 942 |
_2ddc _cREF |
||
| 999 |
_c59650 _d59650 |
||